|
|
|
|
| LEADER |
01508nam a2200409 a 4500 |
| 001 |
nkc20142633395 |
| 003 |
CZ PrNK |
| 005 |
20150102144348.0 |
| 007 |
ta |
| 008 |
141029s2014 xr ac f 100 0 cze |
| 015 |
|
|
|a cnb002633395
|
| 020 |
|
|
|a 978-80-904899-9-8
|q (brož.)
|
| 035 |
|
|
|a (OCoLC)897870324
|
| 040 |
|
|
|a ABA001
|b cze
|
| 072 |
|
7 |
|a 616
|x Patologie. Klinická medicína
|2 Konspekt
|9 14
|
| 080 |
|
|
|a 616.1/.6
|2 MRF
|
| 080 |
|
|
|a (062.534)
|2 MRF
|
| 110 |
2 |
|
|a Česká internistická společnost ČLS JEP.
|b Sjezd
|n (21. :
|d 2014 :
|c Brno, Česko)
|7 xx0190675
|
| 245 |
1 |
0 |
|a Vnitřní lékařství 2014 :
|b XXI. kongres České internistické společnosti ČLS JP : 15.-18.10.2014
|
| 246 |
3 |
|
|a 21. kongres České internistické společnosti ČLS JP
|
| 246 |
3 |
0 |
|a XXI. kongres České internistické společnosti ČLS JP
|
| 250 |
|
|
|a 1. vyd.
|
| 260 |
|
|
|a Praha :
|b Axonite CZ,
|c 2014
|
| 300 |
|
|
|a 26 s. :
|b il. (převážně barev.), 1 portrét ;
|c 30 cm
|
| 490 |
1 |
|
|a Axonite review
|
| 500 |
|
|
|a Název z obálky
|
| 504 |
|
|
|a Obsahuje bibliografie
|
| 650 |
0 |
7 |
|a vnitřní lékařství
|7 ph116595
|2 czenas
|
| 650 |
0 |
9 |
|a internal medicine
|2 eczenas
|
| 655 |
|
7 |
|a sborníky konferencí
|7 fd133333
|2 czenas
|
| 655 |
|
9 |
|a proceedings of conferences
|2 eczenas
|
| 830 |
|
0 |
|a Axonite review
|0 s
|
| 910 |
2 |
|
|a BOA001
|b 4-1335.460
|
| 990 |
|
|
|a BK
|
| 995 |
|
|
|a 01
|
| 991 |
|
|
|b 201411
|c NOV
|e n
|
| 996 |
6 |
|
|b 2610612181
|c 4-1335.460
|l MZK
|r Sklad / do 1 hodiny
|n 0
|p p.v.
|w 001472176
|u 000010
|a 1
|e BOA001
|j MZK50
|s P
|